000 00747cam a22002174a 4500
005 20250605164000.0
008 250528s ||||||||||||||||||||||||d
035 _a15605
020 _a131103628
040 _aGR-AtMCL
_bgre
_dGR-AtMCL
_eAACR2
245 1 _aThe C Programming Language / Second Edition
250 _a2nd
260 _bPrentice Hall,
_c1988
300 _a276
520 _aPreface, Introduction, A Tutorial Introduction, Types and Operators and Expressions, Control Flow, Functions and Program Structure, Pointers and Arrays, Structures, Input and Output, The UNIX System Interface, Index.
700 1 _aKernighan Brian W
_91570
700 1 _aRitchie Dennis M
_91571
942 _cBK
999 _c1175
_d1175